States with the Most Cases of the COVID-19 Coronavirus - Statistics

General Stats
  • This quiz has been taken 22 times
    11 since last reset
  • The average score is 9 of 10
Answer Stats
State Cases Deaths % Correct
California 12,764 288
100%
Florida 11,111 191
100%
Illinois 10,357 244
100%
New York 113,833 3,565
100%
Washington 7,002 295
100%
Michigan 14,225 540
90%
Massachusetts 10,402 192
80%
New Jersey 34,124 846
70%
Pennsylvania 10,444 136
70%
Louisiana 12,496 409
60%
No matching quizzes found
Score Distribution
Percent of People with Each Score
Percentile by Number Answered
Your Score History
You have not taken this quiz since the last reset